000 00358nam a22001457a 4500
005 20251108172219.0
008 250721s9999 xx 000 0 eng d
082 1 4 _a/J598.2/LEA
245 1 0 _aLEARN ABOUT BIRDS /
264 1 _a1978 :
_bFEP INTERNATIONAL PRIVATE,
_c[19-].
300 _a28P :COLORED
650 1 7 _aBIRD
942 _2ddc
_cBK
999 _c73316
_d73316